000 00746nas a2200253 4500
001 BR0304655
003 BR-BrBNA
005 20231205104056.0
007 ta
008 230509b bl.|||p| |||| 00| 00por d
040 _aBR-BrBNA
_bpor
_cBiblioteca Nacional de Agricultura
041 _a(Pt)
072 _aQ03
100 1 _aPinto, P.S. de A.
245 1 _aAtualização em controle da tuberculose no contexto da inspeção de carnes
650 _aCARNE
650 _aINSPEÇÃO SANITÁRIA
650 _aABATE
650 _aTUBERCULOSE
650 _aZOONOSE
773 0 _tBioscience Journal (Brazil)
_xISSN 1516-3725
_g(Jan-Apr 2003), v. 19(1) p. 115-121
_wBR0304655
909 _a202311
_bLúcia
_c55
_dLúcia Elande
942 _2AGRIS
_n0
_cANA
999 _c176222
_d176222